| 000 | 01005nam a2200229Ia 4500 | ||
|---|---|---|---|
| 001 | 8234 | ||
| 005 | 20260406172217.0 | ||
| 008 | 260306t2014||||xx |||||||||||||| ||spa|| | ||
| 041 | _aESP | ||
| 082 |
_a370.15 _bS21 2014 |
||
| 100 |
_aSantrock, John W. _eAUT |
||
| 245 | 0 | _aPsicología de la educación | |
| 260 | _c2014 | ||
| 300 |
_a535 páginas : _c27 cm. |
||
| 650 | _aGEN | ||
| 654 | _aCED | ||
| 856 |
_uhttps://itmsp.museknowledge.com/UCSP?url=https://www.ebooks7-24.com:443/?il=9241&pg=1 _zVersión digital (2020) |
||
| 856 |
_uhttps://0u213vcnk-y-https-ebooks7--24-com.itmsp.museknowledge.com/biblioteca.aspx _zVéase además: Base de datos Ebook7-24 |
||
| 856 |
_uhttps://0u20fvcno-y-https-research-ebsco-com.itmsp.museknowledge.com/c/qxo6us/search _zVéase además: Base de datos EBSCOhost |
||
| 856 |
_uhttps://0u20vvcnq-y-https-ebookcentral-proquest-com.itmsp.museknowledge.com/lib/catolicasp/home.action _zVéase además: Base de datos ProQuest Ebook Central |
||
| 942 |
_cLIB _dJUS _fJUS _2ddc |
||
| 999 |
_c8234 _d8234 |
||